Visualizzazione normale
Vista MARC
- Gamble K.
di Personal Name
Records bibliografici associati: 1
001 - CONTROL NUMBER
- control field: 25710
003 - CONTROL NUMBER IDENTIFIER
- control field: IT-RoPau
005 - DATE AND TIME OF LATEST TRANSACTION
- control field: 20140518203132.0
008 - FIXED-LENGTH DATA ELEMENTS
- fixed length control field: 140518|| aca||aabn | a|a d
040 ## - CATALOGING SOURCE
- Original cataloging agency: IT-RoPau
- Transcribing agency: IT-RoPau
100 ## - HEADING--PERSONAL NAME
- Personal name: Gamble K.
- Dates associated with a name: Codice autore musica SPICS: 27021
- Relator term: Autore musica
- Name of part/section of a work: Don't Leave Me This Way
670 ## - SOURCE DATA FOUND
- Source citation: Work cat.: (IT-RoPau)102890: AA.VV. 794, Classic Rock-Rhapsody In Black